<?xml version="1.0" encoding="UTF-8"?>
<record
    xmlns:xsi="http://www.w3.org/2001/XMLSchema-instance"
    xsi:schemaLocation="http://www.loc.gov/MARC21/slim http://www.loc.gov/standards/marcxml/schema/MARC21slim.xsd"
    xmlns="http://www.loc.gov/MARC21/slim">

  <leader>00383nam a22001577a 4500</leader>
  <controlfield tag="005">20170916111619.0</controlfield>
  <controlfield tag="008">170916b        xxu||||| |||| 00| 0 eng d</controlfield>
  <datafield tag="020" ind1=" " ind2=" ">
    <subfield code="a">978-93-83725-58-8</subfield>
  </datafield>
  <datafield tag="041" ind1=" " ind2=" ">
    <subfield code="a">eng</subfield>
  </datafield>
  <datafield tag="082" ind1=" " ind2=" ">
    <subfield code="a">384.558</subfield>
  </datafield>
  <datafield tag="100" ind1=" " ind2=" ">
    <subfield code="a">SINGH, PARAMVEER</subfield>
    <subfield code="9">3925</subfield>
  </datafield>
  <datafield tag="245" ind1=" " ind2=" ">
    <subfield code="a">VEDIO PRODUCTION</subfield>
    <subfield code="c">PARAMVEER SINGH</subfield>
  </datafield>
  <datafield tag="260" ind1=" " ind2=" ">
    <subfield code="a">DELHI</subfield>
    <subfield code="b">KALAPNA PRAKASHAN</subfield>
  </datafield>
  <datafield tag="300" ind1=" " ind2=" ">
    <subfield code="a">1195</subfield>
  </datafield>
  <datafield tag="942" ind1=" " ind2=" ">
    <subfield code="c">BK</subfield>
  </datafield>
  <datafield tag="999" ind1=" " ind2=" ">
    <subfield code="c">5568</subfield>
    <subfield code="d">5566</subfield>
  </datafield>
  <datafield tag="952" ind1=" " ind2=" ">
    <subfield code="0">0</subfield>
    <subfield code="1">0</subfield>
    <subfield code="4">0</subfield>
    <subfield code="7">0</subfield>
    <subfield code="a">JRU</subfield>
    <subfield code="b">MAIN</subfield>
    <subfield code="c">SHELF-32-G</subfield>
    <subfield code="d">2017-09-16</subfield>
    <subfield code="e">PURCHESS</subfield>
    <subfield code="g">1195.00</subfield>
    <subfield code="l">2</subfield>
    <subfield code="o">384.558</subfield>
    <subfield code="p">21921</subfield>
    <subfield code="r">2022-04-08 00:00:00</subfield>
    <subfield code="s">2019-02-06</subfield>
    <subfield code="w">2017-09-16</subfield>
    <subfield code="y">BK</subfield>
  </datafield>
  <datafield tag="952" ind1=" " ind2=" ">
    <subfield code="0">0</subfield>
    <subfield code="1">0</subfield>
    <subfield code="4">0</subfield>
    <subfield code="7">0</subfield>
    <subfield code="a">JRU</subfield>
    <subfield code="b">MAIN</subfield>
    <subfield code="c">SHELF-6-D</subfield>
    <subfield code="d">2017-09-16</subfield>
    <subfield code="e">PURCHESS</subfield>
    <subfield code="g">1195.00</subfield>
    <subfield code="l">0</subfield>
    <subfield code="o">384.558</subfield>
    <subfield code="p">21922</subfield>
    <subfield code="r">2017-09-16 00:00:00</subfield>
    <subfield code="w">2017-09-16</subfield>
    <subfield code="y">BK</subfield>
  </datafield>
</record>
